超古代文物 终极版 (Record no. 67737)

000 -LEADER
fixed length control field 00614nam a22002057a 4500
003 - CONTROL NUMBER IDENTIFIER
control field MPLRDC
005 - DATE AND TIME OF LATEST TRANSACTION
control field 20220104202629.0
008 - FIXED-LENGTH DATA ELEMENTS--GENERAL INFORMATION
fixed length control field 210129b ||||| |||| 00| 0 eng d
020 ## - INTERNATIONAL STANDARD BOOK NUMBER
International Standard Book Number 978-7-5613-6396-6
082 ## - DEWEY DECIMAL CLASSIFICATION NUMBER
Classification number 790 BMSYL
100 ## - MAIN ENTRY--PERSONAL NAME
Personal name 并木伸一郎 SHINICHIRO NAMIKI
245 ## - TITLE STATEMENT
Title 超古代文物 终极版
Statement of responsibility, etc. 赵怡凡 译
250 ## - EDITION STATEMENT
Edition statement 初版一刷
260 ## - PUBLICATION, DISTRIBUTION, ETC.
Place of publication, distribution, etc. 中国
Name of publisher, distributor, etc. 陕西师范大学出版总社有限公司
Date of publication, distribution, etc. 2012
300 ## - PHYSICAL DESCRIPTION
Other physical details
490 ## - SERIES STATEMENT
Series statement 超自然神秘档案系列
520 ## - SUMMARY, ETC.
Summary, etc. 新书上架 2018-06-01。
650 ## - SUBJECT ADDED ENTRY--TOPICAL TERM
Topical term or geographic name entry element 古器物;考古学;古物学
942 ## - ADDED ENTRY ELEMENTS (KOHA)
Koha item type Book
-- 790 BMSYL
Holdings
Withdrawn status Lost status Source of classification or shelving scheme Damaged status Not for loan Collection code Home library Current library Shelving location Date acquired Cost, normal purchase price Total Checkouts Full call number Barcode Date last seen Date last checked out Price effective from Koha item type Public note
            Malaysian Public Library, Research and Development Centre Malaysian Public Library, Research and Development Centre   23/12/2017 35.80   790 BMSYL 00061330 18/03/2021 23/12/2018 18/03/2021 Book mplrdc

© 2022. Malaysian Public Library, Research and Development Centre. All Right ReservedE-mailmplrdc@help.edu.my 

Powered by Koha